000
00201 a2200097 4500
001
29098
100
_a
Arnold, T W
245
_a
Preaching of Islam
260
_a
_b
M Ashraf
_c
090
_c
19427
_d
19427
942
_a
NUST-CAE
_c
M
_c
10477
999
_c
264171
_d
264171